IBN Ashur: (Record no. 12270)
[ view plain ]
| 000 -LEADER | |
|---|---|
| fixed length control field | 00725nam a2200253 a 4500 |
| 001 - CONTROL NUMBER | |
| JCCL Control Number | 12270 |
| 003 - CONTROL NUMBER IDENTIFIER | |
| JCCL marc code | BD-JhCC |
| 005 - DATE AND TIME OF LATEST TRANSACTION | |
| control field | 20210920120012.0 |
| 008 - FIXED-LENGTH DATA ELEMENTS--GENERAL INFORMATION | |
| fixed length control field | 210920b2006 nyu |||| ||a| 001 0 eng d |
| 020 ## - INTERNATIONAL STANDARD BOOK NUMBER | |
| International Standard Book Number | 9781565644220 |
| 035 ## - SYSTEM CONTROL NUMBER | |
| system control number | (BD-JhCC)12270 |
| 040 ## - CATALOGING SOURCE | |
| Original cataloging agency | BD-JhCC |
| Modifying agency | BD-JhCC |
| 041 ## - LANGUAGE CODE | |
| Language code of Book | english |
| 082 ## - DEWEY DECIMAL CLASSIFICATION NUMBER | |
| Classification number | 340.59 |
| Author mark and Year | ASH 2006 |
| 100 ## - MAIN ENTRY--PERSONAL NAME | |
| Personal name | Ashur, Muhammad Al-Tahir IBN |
| 245 ## - TITLE STATEMENT | |
| Title | IBN Ashur: |
| Remainder of title | Treatise on Maqasid al-Shari'ah / |
| Statement of responsibility, etc | Muhammad Al-Tahir IBN Ashur. |
| 260 ## - PUBLICATION, DISTRIBUTION, ETC. (IMPRINT) | |
| Place of publication, distribution, etc | London: |
| Name of publisher, distributor, etc | The International Institute of islamic thought; |
| Date of publication, distribution, etc | 2006. |
| 300 ## - PHYSICAL DESCRIPTION | |
| Pagination | ix-xvi,489 p. : |
| Dimensions | 22 cm. |
| 650 ## - SUBJECT ADDED ENTRY--TOPICAL TERM | |
| Topical term or geographic name as entry element | Islamic Low |
| 650 ## - SUBJECT ADDED ENTRY--TOPICAL TERM | |
| Topical term or geographic name as entry element | Islamic Ethics |
| 650 ## - SUBJECT ADDED ENTRY--TOPICAL TERM | |
| Topical term or geographic name as entry element | Maqaisd (islamic Low) |
| 942 ## - ADDED ENTRY ELEMENTS (KOHA) | |
| Source of classification or shelving scheme | Dewey Decimal Classification |
| Koha item type | Books |
| Source of classification or shelving scheme | Damaged status | Not for loan | Home library | Current library | Shelving location | Cost, normal purchase price | Total Checkouts | Full call number | Barcode | Date last seen | Copy number | Koha item type |
|---|---|---|---|---|---|---|---|---|---|---|---|---|
| Dewey Decimal Classification | JCC Rouf Library | JCC Rouf Library | General Stacks | 600.00 | 340.59 ASH 2006 | 16879 | 09/20/2021 | C-1 | Books |